গ্রন্থাগার ও তথ্যবিজ্ঞান অভিধান / (Record no. 10999)
[ view plain ]
| 000 -LEADER | |
|---|---|
| fixed length control field | 00865nam a2200241 a 4500 |
| 001 - CONTROL NUMBER | |
| JCCL Control Number | 10999 |
| 003 - CONTROL NUMBER IDENTIFIER | |
| JCCL marc code | BD-JhCC |
| 005 - DATE AND TIME OF LATEST TRANSACTION | |
| control field | 20190718122427.0 |
| 008 - FIXED-LENGTH DATA ELEMENTS--GENERAL INFORMATION | |
| fixed length control field | 190718s20042009bg |||| |||| 000 0 ben d |
| 020 ## - INTERNATIONAL STANDARD BOOK NUMBER | |
| International Standard Book Number | 9847002201490 |
| 035 ## - SYSTEM CONTROL NUMBER | |
| system control number | (BD-JhCC)10999 |
| 040 ## - CATALOGING SOURCE | |
| Original cataloging agency | BD-JhCC |
| Modifying agency | BD-JhCC |
| 041 ## - LANGUAGE CODE | |
| Language code of Book | ben |
| 082 ## - DEWEY DECIMAL CLASSIFICATION NUMBER | |
| Classification number | 020.3 |
| Author mark and Year | ALI 2009 |
| 100 ## - MAIN ENTRY--PERSONAL NAME | |
| Personal name | আলী, মোহাম্মদ সা’দাত |
| 245 ## - TITLE STATEMENT | |
| Title | গ্রন্থাগার ও তথ্যবিজ্ঞান অভিধান / |
| Statement of responsibility, etc | মোহাম্মদ সা’দাত আলী, |
| 260 ## - PUBLICATION, DISTRIBUTION, ETC. (IMPRINT) | |
| Place of publication, distribution, etc | ঢাকা : |
| Name of publisher, distributor, etc | সূচীপত্র, |
| Date of publication, distribution, etc | ২০০৯. |
| 300 ## - PHYSICAL DESCRIPTION | |
| Pagination | ১৩৬ পৃ. : |
| Dimensions | ১৯ সেমি. |
| 504 ## - BIBLIOGRAPHY, ETC. NOTE | |
| Bibliography, etc | গ্রন্থপুঞ্জি অর্ন্তভূক্ত |
| 650 ## - SUBJECT ADDED ENTRY--TOPICAL TERM | |
| Topical term or geographic name as entry element | Library science |
| 650 ## - SUBJECT ADDED ENTRY--TOPICAL TERM | |
| Topical term or geographic name as entry element | Information science |
| 942 ## - ADDED ENTRY ELEMENTS (KOHA) | |
| Source of classification or shelving scheme | Dewey Decimal Classification |
| Koha item type | Books |
| Source of classification or shelving scheme | Damaged status | Not for loan | Home library | Current library | Shelving location | Date of accession | Cost, normal purchase price | Total Checkouts | Full call number | Barcode | Date last seen | Copy number | Koha item type |
|---|---|---|---|---|---|---|---|---|---|---|---|---|---|
| Dewey Decimal Classification | JCC Rouf Library | JCC Rouf Library | General Stacks | 06/18/2019 | 150.00 | 020.3 ALI 2009 | 15068 | 09/30/2023 | C-1 | Books |